Andante (Record no. 14189)

MARC details
000 - LÍDER
campo de control de longitud fija 00671nam a2200193Ia 4500
008 - ELEMENTOS DE DATOS DE LONGITUD FIJA - INFORMACIÓN GENERAL
campo de control de longitud fija 0000002007 sp ad 0000000000spa00
090 ## - NÚMERO DE LLAMADA DE TIPO LC LOCALMENTE ASIGNADO (OCLC)
Número de clasificación (OCLC) (R) PSP00 H17a
100 1# - ENTRADA PRINCIPAL - NOMBRE PERSONAL
Nombre de la persona Haro, ángel
Fechas asociadas a un nombre 1958
245 10 - TÍTULO DECLARACIÓN
Título Andante
Resto del título : Angel Haro
Declaración de responsabilidad / textos y fotografías Angel Haro ; traducción Terry O ́Connor
260 ## - PUBLICACIÓN, DISTRIBUCIÓN
Lugar de publicación Murcia : Galería La Aurora
Fecha de publicación 2007
300 ## - DESCRIPCIÓN FÍSICA
Alcance 53 p.
Dimensiones / 27 cm.
500 ## - NOTA GENERAL
Nota general Donación de Carlos Jiménez, 2012
600 00 - ENTRADA DE SUJETO AÑADIDO - NOMBRE PERSONAL
Nombre de la persona HARO, ANGEL, 1958/
Subdivisión general TRABAJOS PICTORICOS
650 14 - ENTRADA DE SUJETO AÑADIDO - TÉRMINO TÓPICO
Término tópico o elemento de entrada del nombre geográfico PINTURA ESPAÑOLA
650 14 - ENTRADA DE SUJETO AÑADIDO - TÉRMINO TÓPICO
Término tópico o elemento de entrada del nombre geográfico ` ARTE CONTEMPORANEO ESPAÑOL
650 14 - ENTRADA DE SUJETO AÑADIDO - TÉRMINO TÓPICO
Término tópico o elemento de entrada del nombre geográfico ARTISTAS PLASTICOS ESPAÑOLES
650 14 - ENTRADA DE SUJETO AÑADIDO - TÉRMINO TÓPICO
Subdivisión general CATALOGOS
650 14 - ENTRADA DE SUJETO AÑADIDO - TÉRMINO TÓPICO
Subdivisión general EXPOSICIONES
Holdings
Estado de retirada Pérdida de estatus Estado dañado No para préstamo Código de recogida Ubicación permanente Ubicación actual Ubicación de las estanterías Fecha de adquisición Número de llamada completo Código de barras Fecha de la última vez que se vio Número de copia Precio efectivo desde Tipo de artículo Koha
        General ArtNexus ArtNexus General 06/09/2022 P-SP-00 H17A 14367 06/09/2022 Ej.1 06/09/2022 Libro

Powered by Koha